[Event "Asia-ch U16"]
[Site "Sari"]
[Date "2013.06.26"]
[Round "9"]
[White "Khorsandi, Arian"]
[Black "Asgarizadeh, Ahmad"]
[Result "0-1"]
[WhiteElo "1994"]
[BlackElo "2347"]
[PlyCount "94"]
[EventDate "2013.06.21"]
[EventType "swiss"]
[EventRounds "9"]
[EventCountry "IRI"]
[SourceTitle "EXT 2015"]
[Source "ChessBase"]
[SourceDate "2014.11.20"]
[SourceVersion "1"]
[SourceVersionDate "2014.11.20"]
[SourceQuality "1"]

1. e4 c5 2. c3 d5 3. exd5 Qxd5 4. d4 Nc6 5. Nf3 Bf5 6. Be3 cxd4 7. Nxd4 e6 8. Nxf5 Qxf5 9. Qb3 0-0-0 10. Nd2 Bc5 11. Bxc5 Qxc5 12. Qb5 Qd6 13. 0-0-0 Qf4 14. Be2 Nge7 15. Bf3 Rd7 16. g3 Qh6 17. Qh5 Qxh5 18. Bxh5 g6 19. Be2 Rhd8 20. Ne4 Nd5 21. a4 h6 22. Kc2 f5 23. Nc5 Rd6 24. Bc4 e5 25. Ne6 Rxe6 26. Rxd5 Rxd5 27. Bxd5 Rd6 28. Ba2 e4 29. Rd1 Kc7 30. h4 Ne5 31. b4 Rxd1 32. Kxd1 Nd3 33. Bf7 Nxf2+ 34. Ke2 Nh1 35. g4 f4 36. Bxg6 Ng3+ 37. Kf2 Kd6 38. a5 Ke5 39. Bf7 e3+ 40. Kf3 e2 41. Kf2 f3 42. g5 Nh1+ 43. Ke1 hxg5 44. hxg5 Kf4 45. Bd5 Ke3 46. Bxf3 Kxf3 47. g6 Ke3 0-1

[Event "Wch U14"]
[Site "Maribor"]
[Date "2012.11.12"]
[Round "5.47"]
[White "Fitzgerald, Robert"]
[Black "Khorsandi, Arian"]
[Result "1-0"]
[WhiteElo "1734"]
[BlackElo "1972"]
[PlyCount "119"]
[EventDate "2012.11.08"]
[EventType "swiss"]
[EventRounds "11"]
[EventCountry "SLO"]
[SourceTitle "EXT 2013"]
[Source "ChessBase"]
[SourceDate "2012.11.22"]
[SourceVersion "1"]
[SourceVersionDate "2012.11.22"]
[SourceQuality "1"]

1. e4 c5 2. Nf3 d6 3. d4 cxd4 4. Nxd4 Nf6 5. Nc3 g6 6. g3 Nc6 7. Bg2 Nxd4 8. Qxd4 Bg7 9. 0-0 0-0 10. Qd1 Bg4 11. f3 Be6 12. Nd5 Nd7 13. c3 b5 14. Be3 Ne5 15. Bd4 Bxd5 16. exd5 Nc4 17. Bxg7 Kxg7 18. Qd4+ Kg8 19. Rf2 Qb6 20. Qxb6 Nxb6 21. f4 Rfc8 22. Re2 Kf8 23. Rae1 Rc7 24. f5 a5 25. a3 Rb8 26. fxg6 hxg6 27. Re4 Nc4 28. R1e2 Ne5 29. Rd2 Nc4 30. Rde2 Rbb7 31. Kf2 Rc5 32. Rd4 Ne5 33. Red2 Kg7 34. Bf1 Rb8 35. Be2 g5 36. g4 Rh8 37. Kg3 Ng6 38. Bf1 Nf4 39. h4 Ng6 40. h5 Nf4 41. Bd3 Rb8 42. Be4 Kf6 43. Bf5 Rc4 44. Rxc4 bxc4 45. Bb1 Ke5 46. Ba2 Rc8 47. h6 Nxd5 48. h7 Nb6 49. Rf2 Rh8 50. Bb1 Nd5 51. Rxf7 Nf6 52. Rxe7+ Kd5 53. Bf5 Kc5 54. Rf7 Nd5 55. Rg7 Nf6 56. Rxg5 d5 57. Rg6 Nxh7 58. Rh6 Rb8 59. Rxh7 Rxb2 60. g5 1-0

[Event "Wch U14"]
[Site "Maribor"]
[Date "2012.11.11"]
[Round "4.22"]
[White "Khorsandi, Arian"]
[Black "Vorontsov, Pavlo"]
[Result "0-1"]
[WhiteElo "1972"]
[BlackElo "2220"]
[PlyCount "108"]
[EventDate "2012.11.08"]
[EventType "swiss"]
[EventRounds "11"]
[EventCountry "SLO"]
[SourceTitle "EXT 2013"]
[Source "ChessBase"]
[SourceDate "2012.11.22"]
[SourceVersion "1"]
[SourceVersionDate "2012.11.22"]
[SourceQuality "1"]

1. e4 c5 2. c3 d5 3. exd5 Qxd5 4. d4 Nf6 5. Nf3 Bg4 6. Be2 e6 7. Be3 cxd4 8. cxd4 Nc6 9. 0-0 Be7 10. h3 Bh5 11. Nc3 Qd6 12. a3 0-0 13. Qb3 a6 14. Rfd1 Rfd8 15. Rac1 b5 16. Qa2 Rac8 17. b4 Bg6 18. Nh4 Bh5 19. g4 Bg6 20. Nxg6 hxg6 21. Bf3 Bf8 22. g5 Nd7 23. Ne4 Qb8 24. Nc5 Bxc5 25. dxc5 Nde5 26. Be2 Ne7 27. a4 Nf5 28. axb5 Nxe3 29. fxe3 axb5 30. Rf1 Nc6 31. Rf4 Qe5 32. Kf2 Ne7 33. Qa1 Qc7 34. Qa5 Qe5 35. Qa1 Qb8 36. Bf3 Rd2+ 37. Ke1 Rh2 38. Qa6 Qe5 39. Qa3 Nd5 40. Bxd5 Qxd5 41. Rf2 Rxf2 42. Kxf2 Ra8 43. Qxa8+ Qxa8 44. c6 Qa2+ 45. Ke1 Qa3 46. Kd2 Qxb4+ 47. Rc3 Qd6+ 48. Kc2 Qc7 49. Kb3 Kf8 50. Kb4 Ke7 51. Kxb5 Qe5+ 52. Rc5 Qb2+ 53. Ka6 Qa3+ 54. Kb6 Kd6 0-1

[Event "Wch U14"]
[Site "Maribor"]
[Date "2012.11.10"]
[Round "3.47"]
[White "Bennett, Rhys"]
[Black "Khorsandi, Arian"]
[Result "0-1"]
[WhiteElo "1769"]
[BlackElo "1972"]
[PlyCount "70"]
[EventDate "2012.11.08"]
[EventType "swiss"]
[EventRounds "11"]
[EventCountry "SLO"]
[SourceTitle "EXT 2013"]
[Source "ChessBase"]
[SourceDate "2012.11.22"]
[SourceVersion "1"]
[SourceVersionDate "2012.11.22"]
[SourceQuality "1"]

1. e4 c5 2. Nf3 d6 3. d4 cxd4 4. Nxd4 Nf6 5. Nc3 g6 6. Be3 Bg7 7. f3 0-0 8. Qd2 Nc6 9. 0-0-0 d5 10. Kb1 Rb8 11. Bf4 e5 12. Nxc6 bxc6 13. Bg3 Be6 14. b3 d4 15. Na4 Nd7 16. Nb2 c5 17. Bc4 Qe7 18. Bxe6 Qxe6 19. Ka1 Nb6 20. Qe2 f5 21. Rhe1 Rfe8 22. exf5 gxf5 23. Nd3 Nd5 24. Qf2 Ne3 25. Rc1 c4 26. Nb2 Rb6 27. Nd1 f4 28. Bh4 e4 29. Kb1 Reb8 30. Nb2 a5 31. Ka1 cxb3 32. cxb3 d3 33. Rxe3 fxe3 34. Qxe3 Rxb3 35. axb3 Qxb3 0-1

[Event "Wch U14"]
[Site "Maribor"]
[Date "2012.11.09"]
[Round "2.24"]
[White "Khorsandi, Arian"]
[Black "Martinez Alcantara, Jose Eduardo"]
[Result "0-1"]
[WhiteElo "1972"]
[BlackElo "2210"]
[PlyCount "64"]
[EventDate "2012.11.08"]
[EventType "swiss"]
[EventRounds "11"]
[EventCountry "SLO"]
[SourceTitle "EXT 2013"]
[Source "ChessBase"]
[SourceDate "2012.11.22"]
[SourceVersion "1"]
[SourceVersionDate "2012.11.22"]
[SourceQuality "1"]

1. e4 c5 2. c3 d5 3. exd5 Qxd5 4. d4 Nf6 5. Nf3 e6 6. Be3 cxd4 7. cxd4 Nc6 8. Nc3 Qd6 9. a3 Be7 10. Bd3 0-0 11. 0-0 b6 12. Qe2 Bb7 13. Rad1 Rfd8 14. Rfe1 Rac8 15. Bb1 Nd5 16. Ne4 Qc7 17. Bc1 Nf4 18. Qe3 Nd5 19. Qe2 Nf4 20. Qe3 Nd5 21. Qd3 g6 22. Ba2 Na5 23. Nfg5 Nf4 24. Qf3 Bxg5 25. b4 Bxe4 26. Qxe4 Nb7 27. g3 Nh3+ 28. Kg2 Nxf2 29. Qe2 Qc2 30. Bxg5 Nxd1 31. Bxd8 Qxe2+ 32. Rxe2 Nxd8 0-1

[Event "Asia-ch U14"]
[Site "Hikkaduwa"]
[Date "2012.06.27"]
[Round "4.3"]
[White "Karthikeyan, Murali"]
[Black "Khorsandi, Arian"]
[Result "1-0"]
[WhiteElo "2329"]
[BlackElo "1950"]
[PlyCount "83"]
[EventDate "2012.06.26"]
[EventType "swiss"]
[EventRounds "9"]
[EventCountry "SRI"]
[SourceTitle "EXT 2024"]
[Source "ChessBase"]
[SourceDate "2023.10.10"]
[SourceVersion "1"]
[SourceVersionDate "2023.10.10"]
[SourceQuality "1"]

1. e4 c5 2. Nf3 d6 3. d4 cxd4 4. Nxd4 Nf6 5. Nc3 g6 6. Be3 Bg7 7. f3 Nc6 8. Qd2 0-0 9. 0-0-0 d5 10. exd5 Nxd5 11. Nxc6 bxc6 12. Nxd5 cxd5 13. Qxd5 Qc7 14. Qc5 Qb7 15. Qa3 Bf5 16. Bd3 Rab8 17. b3 Rfc8 18. Bxf5 gxf5 19. Bd4 e5 20. Bb2 Qc6 21. c4 a5 22. Qd6 Qb5 23. Kb1 Qe8 24. Rhe1 a4 25. Rxe5 Bxe5 26. Bxe5 Rd8 27. Qf6 Rxd1+ 28. Kc2 axb3+ 29. axb3 Rd2+ 30. Kxd2 Qd8+ 31. Qxd8+ Rxd8+ 32. Kc3 Kf8 33. b4 Ke7 34. b5 Kd7 35. c5 Kc8 36. Kc4 Rd1 37. Bf4 Ra1 38. g3 Ra2 39. c6 Rb2 40. Be3 Kc7 41. Kc5 Rc2+ 42. Kd5 1-0